STRATEGIES FOR MANAGEMENT (Record no. 216254)

MARC details
000 -LEADER
fixed length control field 00454nam a22001697a 4500
008 - FIXED-LENGTH DATA ELEMENTS--GENERAL INFORMATION
fixed length control field 251121b |||||||| |||| 00| 0 eng d
020 ## - INTERNATIONAL STANDARD BOOK NUMBER
International Standard Book Number 9788131774502
050 ## - LIBRARY OF CONGRESS CALL NUMBER
Classification number HA 29 .S73 2013 2013
Item number 5
100 ## - MAIN ENTRY--PERSONAL NAME
Personal name LEVIN, RICHARD I.
245 ## - TITLE STATEMENT
Title STRATEGIES FOR MANAGEMENT
250 ## - EDITION STATEMENT
Edition statement 7TH
260 ## - PUBLICATION, DISTRIBUTION, ETC.
Place of publication, distribution, etc. INDIA
Name of publisher, distributor, etc. PEARSON EDUCATION INC.
Date of publication, distribution, etc. 2013
300 ## - PHYSICAL DESCRIPTION
Extent XVI, 999P., ILLUSTRATIONS
500 ## - GENERAL NOTE
General note INCLUDES INDEX
942 ## - ADDED ENTRY ELEMENTS (KOHA)
Source of classification or shelving scheme Library of Congress Classification
Koha item type Long Loan Book
Holdings
Withdrawn status Lost status Source of classification or shelving scheme Damaged status Not for loan Collection Home library Current library Shelving location Date acquired Inventory number Total checkouts Full call number Barcode Date last seen Copy number Price effective from Koha item type
    Library of Congress Classification     Business & Economics Kisii University Library Kisii University Library On Display 11/21/2025 84490   HA 29 .S73 2013 000000017761 11/21/2025 C.5 11/21/2025 Long Loan Book